Greater Toronto Area Municipalities - Statistics

General Stats
  • This quiz has been taken 231 times
    150 since last reset
  • The average score is 15 of 25
Answers on the Map
Answers color-coded by a green-red scale on the quiz's map according to % correct below.
 
Answer Stats
Regional Municipality Municipality % Correct
Toronto Toronto
98%
Peel Mississauga
96%
Peel Brampton
91%
York Vaughan
88%
York Markham
83%
Durham Oshawa
82%
Durham Ajax
76%
Durham Pickering
75%
York Richmond Hill
74%
Halton Oakville
73%
Halton Burlington
66%
Halton Milton
64%
Durham Whitby
64%
York Newmarket
63%
York Aurora
55%
Peel Caledon
53%
Halton Halton Hills
50%
York King
50%
York Whitchurch-Stouffville
47%
Durham Uxbridge
38%
Durham Clarington
35%
Durham Scugog
33%
York East Gwillimbury
30%
York Georgina
27%
Durham Brock
24%
No matching quizzes found
Score Distribution
Percent of People with Each Score
Percentile by Number Answered
Your Score History
You have not taken this quiz since the last reset